عرض عادي عرض مارك
  • جرنار، محمد أحمد

مدخل إسم شخص

عدد التسجيلات المستخدمة في: 1

001 - رقم الضبط

  • حقل الضبط: 34067

003 - معرف رقم الضبط

  • حقل الضبط: OSt

005 - تاريخ ووقت أخر عملية

  • حقل الضبط: 20130312175616.0

008 - عناصر بيانات ثابتة الطول

  • حقل تحكم ثابت الطول: 130312|||a|||||| | ||| d

040 ## - مصدر الفهرسة

  • هيئة الفهرسة الأصلية: OSt
  • وكالة الكتابة: OSt

100 ## - مدخل -- أسم شخص

  • إسم شخص: جرنار، محمد أحمد

670 ## - بيانات المصدر موجوده

  • الاستشهاد بالمصدر: Work cat.: (OSt): جرنار، محمد أحمد, أساسيات البحث العلمي ومناهجه ومناهجه في علم المكتبات والمعلومات /, 2012